Movies Quiz

Random Movies or Actor Quiz

'80s Movies by Cast Quiz Stats

 Plays Quiz Updated Feb 16, 2012

Challenge
Share
Tweet
Embed
Score 0/30 Timer 06:00
7 Plays Today
Cast 1980s Movie % Correct
Michael J. Fox, Christopher Lloyd, Lea Thompson, Crispin GloverBack to the Future
96.7%
Henry Thomas, Dee Wallace, Drew Barrymore, Peter CoyoteE.T. the Extra-Terrestrial
81.5%
Eddie Murphy, Judge Reinhold, John Ashton, Bronson PinchotBeverly Hills Cop
77.5%
Molly Ringwald, Andrew McCarthy, Jon Cryer, James SpaderPretty in Pink
70.9%
Whoopi Goldberg, Oprah Winfrey, Danny Glover, Margaret AveryThe Color Purple
67.9%
John Belushi, Dan Aykroyd, Carrie Fisher, John CandyThe Blues Brothers
65%
Sean Penn, Jennifer Jason Leigh, Judge Reinhold, Phoebe CatesFast Times at Ridgemont High
60.8%
Cher, Nicolas Cage, Olympia Dukakis, Vincent GardeniaMoonstruck
57%
Ronee Blakley, Heather Langenkamp, Johnny Depp, Robert EnglundA Nightmare on Elm Street
55.5%
Michael Keaton, Geena Davis, Alec Baldwin, Winona RyderBeetlejuice
54.6%
John Cusack, Ione Skye, Lili Taylor, John MahoneySay Anything...
48.8%
Christian Slater, Winona Ryder, Shannen Doherty, Lisanne FalkHeathers
43.5%
Nicolas Cage, Holly Hunter, John Goodman, Trey WilsonRaising Arizona
43%
Tom Hulce, F. Murray Abraham, Elizabeth Berridge, Roy DotriceAmadeus
41.7%
Kyle MacLachlan, Isabella Rossellini, Dennis Hopper, Laura DernBlue Velvet
39.5%
Cast 1980s Movie % Correct
Tim Curry, Christopher Lloyd, Leslie Ann Warren, Martin MullClue
38.2%
Spike Lee, John Turturro, Danny Aiello, Ossie DavisDo the Right Thing
36.6%
Michelle Pfeiffer, Jeff Bridges, Beau Bridges, Jennifer TillyThe Fabulous Baker Boys
36.4%
Peter Weller, Nancy Allen, Ronny Cox, Dan O'HerlihyRoboCop
30.6%
James Spader, Andie MacDowell, Peter Gallagher, Laura San Giacomosex, lies, and videotape
30.3%
William Hurt, Jeff Goldblum, Glenn Close, Kevin KlineThe Big Chill
29.8%
Sam Waterston, Haing S. Ngor, John Malkovich, Julian SandsThe Killing Fields
26.5%
Rob Lowe, Demi Moore, James Belushi, Elizabeth PerkinsAbout Last Night...
24.5%
John Hurt, Anthony Hopkins, Anne Bancroft, John GielgudThe Elephant Man
24%
William Hurt, Kathleen Turner, Richard Crenna, Ted DansonBody Heat
22.8%
Geena Davis, William Hurt, Kathleen Turner, Bill PullmanThe Accidental Tourist
17.1%
Jonathan Pryce, Kim Greist, Michael Palin, Robert De NiroBrazil
14.6%
Rachel Ward, Jeff Bridges, James Woods, Alex KarrasAgainst All Odds
13.6%
Crispin Glover, Keanu Reeves, Ione Skye, Dennis HopperRiver's Edge
8.9%
Judy Davis, Victor Banerjee, Peggy Ashcroft, James FoxA Passage to India
7.5%

You're not logged in!

Compare scores with friends on all Sporcle quizzes.
Join for Free
OR
Log In

You Might Also Like...

Show Comments

Extras

Top Quizzes Today


Score Distribution

Your Account Isn't Verified!

In order to create a playlist on Sporcle, you need to verify the email address you used during registration. Go to your Sporcle Settings to finish the process.

Report this User

Report this user for behavior that violates our Community Guidelines.

Details: